000 00606nam a2200241Ia 4500
003 OSt
005 20221005122215.0
006 a|||||r|||| 00| 0
007 ta
008 221004b |||||||| |||| 00| 0 urd d
024 _a3981
037 _cTextual
040 _aCRL
_cCRL
_burd
041 _2urd
_aurd
082 _aO168,1M76:g, J5
100 _aMajnun Gorakhpuri
_9631635
245 0 _aIqbal
_b ajmali tabsara
260 _c1955
300 _a71p.
_ccm.
650 _aURDU POETRY
942 _hO168,1M76:g, J5
_cTEXL
_2cc
999 _c1043594
_d1043594